000 01551nam2a2200241 4500
001 RU\NLR\BIBL_A\016227822
005 20250625002202.0
035 _a(NLR Aleph) 016227822
090 _a12758094
_c12758094
100 _a20221205d2022 |||y0rusy50 ca
101 0 _arus
102 _aRU
200 1 _aЭсминцы типов "Селла", "Сауро" и "Турбине"
_fСергей Патянин
210 _d2022
_aБ. м.
461 0 _1001RU\NLR\INFOCOMM\1000090925
_12001#$aМорская коллекция$eСправ. по кораб. составу$eПрил. к журн. "Моделист-конструктор"$fУчредитель: "Ред. журн. "Моделист-конструктор" в форме АОЗТ"$v2022, № 5 (271)
_93245256
_cМ.
_d1995-
_fУчредитель: "Ред. журн. "Моделист-конструктор" в форме АОЗТ"
_nРед. журн. "Моделист-конструктор" в форме АОЗТ
_oСправ. по кораб. составу : Прил. к журн. "Моделист-конструктор"
_tМорская коллекция
_v2022, № 5 (271)
606 1 _aЭскадренные миноносцы
_xИстория
_yИталия
_92608671
_3RU\NLR\AUTH\661545229
686 1 _aЦ661.12г(4Ит)
700 1 _aПатянин
_bС. В.
_cканд. ист. наук, радиофизик
_f1973-
_gСергей Владимирович
_9168596
_3RU\NLR\AUTH\770168645
852 _aNLR
_jП11/3767
942 _cISSUE
980 _aNB
980 _aRUSPER